00522 a2200157 4500010001400000020002300014035001300037037001500050082001200065100001600077245009100093260003100184270007600215300002200291500005100313 aENG-86550 a8189654276c450.00 aEN-70083 bDBAD / PUB a327.112 aSumit Amin  aBeyond US hegemony? :cby Sumit Aminbassessing the prospects for a multipolar world / aDelhibDaanish Booksc2006 aB-802, Taj Apartments, Gazipur,bDelhie110 096mdaanishbooks@gmail.com a191pc25cm. (Hb) aIncludes bibliograpgical references and index